<Der> katholische Unternehmer in Betrieb, Politik und Kirche

Na minha lista:
Detalhes bibliográficos
Outros Autores: Fetsch, Cornelius G., Kasper, Walter, Schäuble, Wolfgang
Formato: Livro
Idioma:alemão
Publicado em: Trier Paulinus 1993
Edição:1. Aufl.
Colecção:Beiträge zur Gesellschaftspolitik Bd.33
Assuntos:
Tags: Adicionar Tag
Sem tags, seja o primeiro a adicionar uma tag!

MARC

LEADER 00000nam a2200000 4500
001 c010187
005 20221206074625.7
020 |a 3-7902-5004-X 
041 0 |a ger 
044 |a DE 
245 1 0 |a <Der> katholische Unternehmer in Betrieb, Politik und Kirche  |c Edit. Cornelius G. Fetsch, Walter Kasper, Wolfgang Schäuble 
250 |a 1. Aufl. 
264 1 |a Trier  |b Paulinus  |c 1993 
300 |a 90 s. 
490 1 |a Beiträge zur Gesellschaftspolitik  |v Bd.33 
830 0 |a Beiträge zur Gesellschaftspolitik  |v Bd.33 
610 2 0 |a cirkev 
610 2 0 |a podnikanie 
610 2 0 |a podnikatelia 
610 2 0 |a politika 
610 2 0 |a politika cirkevná 
700 1 |a Fetsch, Cornelius G. 
700 1 |a Kasper, Walter 
700 1 |a Schäuble, Wolfgang